000 00955nam a22002537a 4500
999 _c5649
_d5649
003 OSt
005 20251013111923.0
008 251013b ||||| |||| 00| 0 eng d
020 _a9781474915083
_qbook set
040 _cKH8
082 _aFIC PUN
100 _aPunter, Russell,
_eauthor.
245 _aStories of Ghosts /
_cRussell Punter ; illustrated by Mike Philips.
260 _aEngland ;
_bUsborne Publishing Ltd ,
_c2007.
300 _a48 pages :
_bcolour illustrations ;
_c20 cm.
490 _aUsborne Young Reading
_vseries one
520 _aDare you spend the night at a haunted hotel? Would a spooky TV set send shivers up your spine? How would you cope at a school for spirits? Put your courage to the test with this ghostly collection.
650 _aEasy reading
_vfiction
650 _aStory book
_vfiction
650 _aYoung readers
700 _aPhillips, Mike,
_eillustrator.
830 _aUsborne Young Reading
942 _2ddc
_cFIC